Electromagnetics of body area networks: antennas, propagation, and RF systems (Record no. 13771)
[ view plain ]
| 000 -LEADER | |
|---|---|
| fixed length control field | 00420nam a22001577a 4500 |
| 020 ## - INTERNATIONAL STANDARD BOOK NUMBER | |
| International Standard Book Number | 9781119029465 |
| 082 ## - DEWEY DECIMAL CLASSIFICATION NUMBER | |
| Classification number | 621.3 WER |
| 100 ## - MAIN ENTRY--PERSONAL NAME | |
| Personal name | Douglas H. Werner |
| 245 ## - TITLE STATEMENT | |
| Title | Electromagnetics of body area networks: antennas, propagation, and RF systems |
| 260 ## - PUBLICATION, DISTRIBUTION, ETC. | |
| Place of publication, distribution, etc. | Canada |
| Name of publisher, distributor, etc. | Wiley |
| Date of publication, distribution, etc. | 2016 |
| 300 ## - PHYSICAL DESCRIPTION | |
| Extent | 512p. |
| 650 ## - SUBJECT ADDED ENTRY--TOPICAL TERM | |
| Topical term or geographic name entry element | Body area network |
| 650 ## - SUBJECT ADDED ENTRY--TOPICAL TERM | |
| Topical term or geographic name entry element | Electromagnetism |
| 650 ## - SUBJECT ADDED ENTRY--TOPICAL TERM | |
| Topical term or geographic name entry element | Electromagnetic theory |
| 942 ## - ADDED ENTRY ELEMENTS (KOHA) | |
| Koha item type | Book |
| Withdrawn status | Lost status | Damaged status | Not for loan | Collection code | Permanent Location | Current Location | Shelving location | Date acquired | Source of acquisition | Cost, normal purchase price | Total Checkouts | Full call number | Barcode | Date last seen | Price effective from | Koha item type |
|---|---|---|---|---|---|---|---|---|---|---|---|---|---|---|---|---|
| Central Library (CL) | Central Library (CL) | General Stacks | 11/08/2016 | Progressive International Agencies | 12498.18 | 621.3 WER | SEECS013557 | 11/08/2016 | 11/08/2016 | Book |
